| 000 | 00961nam a2200253Ia 4500 | ||
|---|---|---|---|
| 999 |
_c49472 _d49472 |
||
| 001 | 16396 | ||
| 003 | GE_BSU | ||
| 005 | 20220519121906.0 | ||
| 008 | 181216s2006||||rus|||||||||||||| ||ru || | ||
| 020 | _a586547301 | ||
| 040 | _cGE_BSU | ||
| 041 | _aru | ||
| 080 | _a811.161.1 А-72 | ||
| 100 |
_aАнтонова, В,Е. _913778 |
||
| 245 |
_aДорога в Россию : _bУчеб.русского языка: (Первый уровень-I):3 / _cВ.Е. Антонова, М.М.Нахабина, А.А.Тольстых. |
||
| 264 |
_aСанкт-Петербург : _bЗлатоуст, _c2006. |
||
| 300 |
_a200 стр.: _bил.; _c29 см. |
||
| 653 | _aДорога в Россию | ||
| 653 | _aРусский Язык | ||
| 653 | _aრუსული ენა. გრამატიკა | ||
| 700 |
_aНахабина, М. М. _eავტორი _913779 |
||
| 700 |
_aТольстых, А. А. _eავტორი _913780 |
||
| 942 |
_cBK _2udc |
||